Pacific SEAMAP 1961-70 data for area 15248-14 : longitude 152 ?p0?sW to 166?p0?sW, latitude 48?p0?sN to 54?p0?sN bathymetry, magnetics, and gravity /

Saved in:
Bibliographic Details
Corporate Author: National Ocean Survey (U.S.)
Other Authors: Chiburis, E. F., Dehlinger, Peter, 1917-, Dowling, John J., 1934-, Yellin, M. J.
Format: Book
Language:English
Published: Rockville, Md. : U.S. Dept. of Commerce, National Oceanic and Atmospheric Administration, National Ocean Survey, [1972]
Series:NOAA technical report NOS ; 47.
Subjects:
LEADER 01427nam a2200325 a 4500
001 c000172372
003 CARM
005 20030903205338.0
008 930615s1972 mdua t 000 0 eng d
019 1 |a 24907145  |5 LACONCORD2021 
035 |a (OCoLC)223516865  |5 LACONCORD2021 
040 |a OAO  |b eng  |c OAO  |d VU 
245 0 0 |a Pacific SEAMAP 1961-70 data for area 15248-14 :  |b longitude 152 ?p0?sW to 166?p0?sW, latitude 48?p0?sN to 54?p0?sN bathymetry, magnetics, and gravity /  |c J.J. Dowling ... [et al.]. 
260 |a Rockville, Md. :  |b U.S. Dept. of Commerce, National Oceanic and Atmospheric Administration, National Ocean Survey,  |c [1972] 
300 |a iv, 283 p. :  |b ill. ;  |c 27 cm. 
490 1 |a NOAA technical report NOS ;  |v 47. 
500 |a Chiefly tables. 
500 |a Map in pocket. 
650 0 |a Oceanography  |z Pacific Ocean  |x Observations. 
650 0 |a Geomagnetism  |z Pacific Ocean  |x Observations. 
650 0 |a Gravity  |z Pacific Ocean  |x Observations. 
700 1 |a Chiburis, E. F. 
700 1 |a Dehlinger, Peter,  |d 1917- 
700 1 |a Dowling, John J.,  |d 1934- 
700 1 |a Yellin, M. J. 
710 2 |a National Ocean Survey (U.S.) 
830 0 |a NOAA technical report NOS ;  |v 47. 
852 8 |b CARM  |h A3:AD23E0  |i D06770  |p 0237214  |f BK 
999 f f |i 0c16199c-cd67-564b-9792-b0c38a2220c4  |s 034d649c-9ecf-5b74-a595-5120c89d0628 
952 f f |p Can circulate  |a CAVAL  |b CAVAL  |c CAVAL  |d CARM 1 Store  |e D06770  |f A3:AD23E0  |h Other scheme  |i book  |m 0237214